| 000 | 00666nam a2200205Ia 4500 | ||
|---|---|---|---|
| 003 | IN-BaIIA | ||
| 008 | 211028s9999 xx 000 0 eng d | ||
| 040 | _cIIA Library | ||
| 080 |
_a533 _bSPI |
||
| 100 |
_aSpitzer, Lyman _95802 |
||
| 245 | 0 |
_aPhysics of fully ionized gases _cLyman Spitzer |
|
| 260 |
_aNew York _bInterscience Publishers _c1956 |
||
| 300 | _aix,105p. | ||
| 490 | _aInterscience tracts on physics and astronomy; no. 3 | ||
| 500 | _aDonated by Mrs. Bappu | ||
| 650 | _aAstronomy and astrophysics thesaurus | ||
| 650 |
_aPlasma physics _93732 |
||
| 650 |
_aPlsamas - ionized gas _912811 |
||
| 942 | _cBK | ||
| 999 |
_c7531 _d7531 |
||